[Event "16.Open Seefeld"]
[Site "Oesterreich / Seefeld"]
[Date "2005.09.19"]
[Round "3"]
[White "Voss, Ingo"]
[Black "Dittmar, Peter"]
[Result "1/2-1/2"]
[WhiteElo "2149"]
[BlackElo "2326"]
[PlyCount "76"]
[EventDate "2005.09.17"]

1. d4 d5 2. Nf3 c5 3. e3 cxd4 4. exd4 Nf6 5. Bd3 Nc6 6. O-O Bg4 7. c3 e6 8.
Nbd2 Bd6 9. h3 Bh5 10. Re1 Qc7 11. Qe2 O-O 12. g4 Bg6 13. Bxg6 hxg6 14. Ne5
Bxe5 15. dxe5 Nd7 16. Nf3 b5 17. b3 Rfc8 18. Bb2 a5 19. Qxb5 Ndxe5 20. Nxe5
Nxe5 21. Qe2 Nd7 22. Rac1 Nb6 23. c4 dxc4 24. Bd4 Rd8 25. Bxb6 Qxb6 26. Rxc4
Rd5 27. Qe3 Qd8 28. Qf4 Qh4 29. Kg2 Rf8 30. Re3 Qd8 31. Rec3 Rd2 32. a4 Rd5 33.
Qe4 Qf6 34. Qf3 Qe5 35. Qe4 Qd6 36. Rc6 Qd8 37. R6c4 Qb8 38. Qf4 Qd8 1/2-1/2

[Event "16.Open Seefeld"]
[Site "Oesterreich / Seefeld"]
[Date "2005.09.19"]
[Round "3"]
[White "Straub, Peter"]
[Black "Schunk, Thomas"]
[Result "0-1"]
[WhiteElo "2093"]
[BlackElo "2315"]
[PlyCount "96"]
[EventDate "2005.09.17"]

1. e4 e5 2. Nf3 d6 3. d4 Nf6 4. dxe5 Nxe4 5. Qd5 Nc5 6. Bg5 Qd7 7. exd6 Bxd6 8.
Nc3 O-O 9. O-O-O Nc6 10. Be3 Ne6 11. Nb5 Ne7 12. Qd2 Nf5 13. Nxd6 cxd6 14. Qb4
Nxe3 15. fxe3 Nc5 16. Bb5 Qe6 17. Kb1 a6 18. Bc4 Qe7 19. Qb6 Rd8 20. b3 Be6 21.
Bd5 Bxd5 22. Rxd5 Rac8 23. Re1 Ne4 24. Rd3 d5 25. Nd4 Re8 26. Ne2 Nc5 27. Rc3
Rc6 28. Qa7 Qh4 29. Rd1 Qb4 30. Rd4 Qb5 31. Rxd5 Qxe2 32. Rdxc5 Rxc5 33. Qxc5
Qxg2 34. Qe7 Rf8 35. Rd3 h5 36. h4 Rc8 37. Rd8+ Rxd8 38. Qxd8+ Kh7 39. Qe7 Qf3
40. a4 g6 41. e4 Kg7 42. Qxb7 Qh1+ 43. Kb2 Qxh4 44. Qxa6 Qxe4 45. a5 Qe5+ 46.
Ka3 h4 47. Kb4 h3 48. Qb7 h2 0-1

[Event "16.Open Seefeld"]
[Site "Oesterreich / Seefeld"]
[Date "2005.09.19"]
[Round "3"]
[White "Schirmer, Werner"]
[Black "Kyas, Juergen"]
[Result "1/2-1/2"]
[WhiteElo "2053"]
[BlackElo "2240"]
[PlyCount "50"]
[EventDate "2005.09.17"]

1. e4 c5 2. Nf3 d6 3. Bb5+ Bd7 4. Bxd7+ Qxd7 5. O-O Nc6 6. d4 cxd4 7. Nxd4 Nf6
8. Nc3 e6 9. Bg5 Be7 10. Qd2 O-O 11. Rad1 Rfd8 12. Rfe1 Rac8 13. Nxc6 Qxc6 14.
Qd4 a6 15. Rd3 h6 16. Bc1 Qc5 17. Qxc5 Rxc5 18. Red1 Rdc8 19. f3 b5 20. a3 Kf8
21. Bf4 e5 22. Be3 Rc4 23. R1d2 Ne8 24. Kf1 Bd8 25. Rd1 R4c6 1/2-1/2

[Event "16.Open Seefeld"]
[Site "Oesterreich / Seefeld"]
[Date "2005.09.19"]
[Round "3"]
[White "Schmidt, Wolfgang"]
[Black "Stabolewski, Andreas"]
[Result "1/2-1/2"]
[WhiteElo "2091"]
[BlackElo "2225"]
[PlyCount "94"]
[EventDate "2005.09.17"]

1. e4 c5 2. Nf3 Nc6 3. d4 cxd4 4. Nxd4 Nf6 5. Nc3 d6 6. Bc4 Qb6 7. Ndb5 a6 8.
Be3 Qa5 9. Nd4 e6 10. O-O Be7 11. Bb3 O-O 12. Kh1 Bd7 13. f4 Rac8 14. f5 Nxd4
15. Bxd4 e5 16. Be3 Rxc3 17. bxc3 Nxe4 18. Qg4 Nxc3 19. Bd2 Bf6 20. Rae1 Qc5
21. Bg5 Bxg5 22. Qxg5 e4 23. Qf4 Re8 24. f6 g5 25. Qg3 b5 26. Re3 b4 27. h4 Re5
28. a3 a5 29. axb4 axb4 30. Ra1 Bc6 31. Ree1 e3 32. Qg4 Re4 33. Qxg5+ Qxg5 34.
hxg5 e2 35. Ra7 d5 36. Rc7 Re6 37. Rc8+ Be8 38. Kg1 h6 39. gxh6 Kh7 40. Kf2
Rxf6+ 41. Ke3 Bb5 42. Rxc3 bxc3 43. Bxd5 Rf1 44. Rxe2 Bxe2 45. Kxe2 Rf6 46.
Be4+ Kxh6 47. Kd3 Rf4 1/2-1/2

[Event "16.Open Seefeld"]
[Site "Oesterreich / Seefeld"]
[Date "2005.09.19"]
[Round "3"]
[White "Wiesbeck, Florian"]
[Black "Lagrotteria, Salvatore"]
[Result "0-1"]
[WhiteElo "1964"]
[BlackElo "2214"]
[PlyCount "78"]
[EventDate "2005.09.17"]

1. d4 Nf6 2. Bg5 d5 3. Nf3 c6 4. e3 Qb6 5. Qc1 Ne4 6. Bf4 Nd7 7. Bd3 Ndf6 8. h3
h6 9. Nfd2 g5 10. Be5 Rg8 11. f3 Nd6 12. Nc3 Nf5 13. Nd1 Nh4 14. O-O Ng6 15.
Bh2 h5 16. Nf2 g4 17. Kh1 Bh6 18. f4 h4 19. hxg4 Bxg4 20. Nxg4 Nxg4 21. Bg1 e6
22. Nf3 f5 23. c3 Qc7 24. Qe1 Rh8 25. Nh2 Nf6 26. Rf3 O-O-O 27. Rh3 Rdg8 28.
Nf3 Qg7 29. Qf1 Bxf4 30. exf4 Nxf4 31. Rh2 Nxd3 32. Qxd3 Ne4 33. Be3 f4 34. Ne1
h3 35. Kg1 fxe3 36. Qxe3 hxg2 37. Rxg2 Qh7 38. Rxg8+ Rxg8+ 39. Kf1 Qh2 0-1

[Event "16.Open Seefeld"]
[Site "Oesterreich / Seefeld"]
[Date "2005.09.19"]
[Round "3"]
[White "Ballon, Guenther-Jan"]
[Black "Fournell, Udo"]
[Result "1-0"]
[WhiteElo "2213"]
[BlackElo "1891"]
[PlyCount "51"]
[EventDate "2005.09.17"]

1. d4 d5 2. c4 c6 3. Nc3 Nf6 4. e3 e6 5. Nf3 Nbd7 6. Qc2 Bd6 7. Bd3 O-O 8. O-O
Re8 9. e4 dxe4 10. Nxe4 Nxe4 11. Bxe4 Nf8 12. b3 Qa5 13. c5 Be7 14. Bf4 Bf6 15.
Be5 Qd8 16. Rad1 Ng6 17. Rfe1 Bd7 18. b4 b5 19. Bd6 Qc8 20. a4 a6 21. a5 Rd8
22. g3 Be8 23. h4 h5 24. Ng5 Nf8 25. Bh7+ Kh8 26. Bxf8 1-0

[Event "16.Open Seefeld"]
[Site "Oesterreich / Seefeld"]
[Date "2005.09.19"]
[Round "3"]
[White "Keller, Manfred"]
[Black "Matt, Stefan"]
[Result "1-0"]
[WhiteElo "2184"]
[BlackElo "1816"]
[PlyCount "37"]
[EventDate "2005.09.17"]

1. d4 f5 2. Nc3 Nf6 3. Bg5 g6 4. f3 Bg7 5. e4 fxe4 6. fxe4 O-O 7. Nf3 h6 8.
Bxf6 Bxf6 9. e5 Bg7 10. Bd3 g5 11. Nxg5 Nc6 12. Qh5 e6 13. h4 Ne7 14. Nce4 Nf5
15. Qg6 hxg5 16. Nxg5 Re8 17. Bxf5 exf5 18. Qf7+ Kh8 19. Qxf5 1-0

[Event "16.Open Seefeld"]
[Site "Oesterreich / Seefeld"]
[Date "2005.09.19"]
[Round "3"]
[White "Wiesinger, Robert"]
[Black "Kuehlmeyer, Klaus"]
[Result "1-0"]
[WhiteElo "2235"]
[BlackElo "2027"]
[PlyCount "47"]
[EventDate "2005.09.17"]

1. e4 e6 2. d4 d5 3. Nc3 Nf6 4. Bg5 Be7 5. e5 Nfd7 6. Bxe7 Qxe7 7. f4 a6 8. Nf3
c5 9. dxc5 Nxc5 10. Bd3 Nc6 11. O-O g6 12. Qd2 Bd7 13. Ne2 Rc8 14. Ned4 b5 15.
Nxc6 Bxc6 16. Nd4 Kd7 17. c3 b4 18. Rfc1 Bb7 19. Bc2 bxc3 20. Qxc3 Rc7 21. Qa5
Kc8 22. b4 Nd7 23. Bd3 Nb8 24. b5 1-0

[Event "16.Open Seefeld"]
[Site "Oesterreich / Seefeld"]
[Date "2005.09.19"]
[Round "3"]
[White "Mueller, Norbert"]
[Black "Ruprich, Udo"]
[Result "1-0"]
[WhiteElo "2138"]
[BlackElo "1995"]
[PlyCount "109"]
[EventDate "2005.09.17"]

1. g3 c5 2. Bg2 Nc6 3. e4 d6 4. d3 g6 5. Ne2 Bg7 6. O-O e5 7. c3 Be6 8. f4 Qd7
9. Be3 Bg4 10. Nd2 Nge7 11. Nf3 O-O 12. d4 cxd4 13. cxd4 exf4 14. Nxf4 Rac8 15.
Qd2 b6 16. Ne1 Qb7 17. b4 Qa6 18. a4 Qc4 19. Nc2 a5 20. b5 Nb4 21. Nxb4 Qxb4
22. Qxb4 axb4 23. h3 Bd7 24. Rab1 Rc4 25. Rfd1 b3 26. Rxb3 Rxa4 27. Rc1 Bxd4
28. Bxd4 Rxd4 29. Rc7 Rd8 30. Ra3 Kf8 31. Raa7 Ke8 32. h4 Ng8 33. Nd5 h5 34.
Nxb6 Be6 35. Nd5 Rb8 36. b6 Rd1+ 37. Kf2 Rd2+ 38. Kf1 Kd8 39. Rc6 Bxd5 40. exd5
Rb2 41. Rxd6+ Ke8 42. Ra6 Ne7 43. Bh3 f5 44. Re6 Rc8 45. Re1 Rd8 46. Ra7 Rd7
47. d6 Rxb6 48. Rxe7+ Rxe7 49. Rxe7+ Kf8 50. Re6 Kf7 51. d7 Rb8 52. Rd6 Ke7 53.
Rxg6 Kxd7 54. Bxf5+ Ke7 55. Rg5 1-0

[Event "16.Open Seefeld"]
[Site "Oesterreich / Seefeld"]
[Date "2005.09.19"]
[Round "3"]
[White "Platzgummer, Fabian"]
[Black "Thoeny, Hermann"]
[Result "0-1"]
[WhiteElo "2032"]
[BlackElo "2136"]
[PlyCount "56"]
[EventDate "2005.09.17"]

1. c4 c6 2. e4 d6 3. Nc3 e5 4. Nf3 Nf6 5. d4 Nbd7 6. Be2 Be7 7. O-O O-O 8. Qc2
Re8 9. Rd1 Qc7 10. h3 Bf8 11. Be3 g6 12. Rd2 Bg7 13. dxe5 dxe5 14. c5 Bf8 15.
b4 a5 16. Bc4 axb4 17. Qb3 Nxc5 18. Bxc5 Bxc5 19. Ng5 Rf8 20. Na4 Bd4 21. Qf3
Qe7 22. Rxd4 exd4 23. Nb6 Ra3 24. Nxc8 Qe5 25. Nxf7 Rxf7 26. Qe2 d3 27. Qf1 Kg7
28. Bxf7 Kxf7 0-1

[Event "16.Open Seefeld"]
[Site "Oesterreich / Seefeld"]
[Date "2005.09.19"]
[Round "3"]
[White "Stock, Juergen"]
[Black "Vrban, Damir"]
[Result "1/2-1/2"]
[WhiteElo "2031"]
[BlackElo "2133"]
[PlyCount "122"]
[EventDate "2005.09.17"]

1. d4 f5 2. c3 g6 3. e3 Bg7 4. f4 Nh6 5. Nf3 Nf7 6. Nbd2 b6 7. e4 fxe4 8. Nxe4
Bb7 9. Bd3 e6 10. O-O Nc6 11. Ne5 Qe7 12. Nxf7 Qxf7 13. d5 Nd8 14. Ng5 Qf6 15.
dxe6 dxe6 16. Bb5+ Kf8 17. Be3 Qe7 18. Bd4 h6 19. Bxg7+ Kxg7 20. Nf3 Qc5+ 21.
Qd4+ Qxd4+ 22. Nxd4 Kf6 23. Bc4 a6 24. Rae1 Bc8 25. Nf3 Bd7 26. Ne5 Be8 27.
Ng4+ Ke7 28. f5 gxf5 29. Rxf5 h5 30. Nf6 Bf7 31. Rf3 c6 32. Ne4 Rh6 33. Ng5 Bg8
34. Rfe3 b5 35. Bb3 Ra7 36. Ne4 a5 37. Nc5 a4 38. Bd1 Nb7 39. Ne4 Bh7 40. Ng5
Bf5 41. Re5 Kd7 42. Bf3 Ra8 43. Ne4 h4 44. Nc5+ Nxc5 45. Rxc5 Ra6 46. Rd1+ Kc7
47. Rd4 a3 48. bxa3 Rh7 49. c4 bxc4 50. Rdxc4 Rxa3 51. Rxc6+ Kd7 52. Rc7+ Kd6
53. R4c6+ Ke5 54. Rc5+ Kd4 55. Rc4+ Ke5 56. Rxh7 Bxh7 57. Rxh4 Bf5 58. Rh5 Rxa2
59. g4 Kf4 60. gxf5 Kxf3 61. Rh3+ Kg4 1/2-1/2

[Event "16.Open Seefeld"]
[Site "Oesterreich / Seefeld"]
[Date "2005.09.19"]
[Round "3"]
[White "Santl, Anton"]
[Black "Borries, Barbara"]
[Result "1-0"]
[WhiteElo "2132"]
[BlackElo "1975"]
[PlyCount "63"]
[EventDate "2005.09.17"]

1. Nf3 d5 2. c4 c6 3. g3 Nf6 4. Bg2 dxc4 5. O-O Qd5 6. Nc3 Qh5 7. b3 Bh3 8.
bxc4 Nbd7 9. d4 e6 10. Rb1 Bxg2 11. Kxg2 Rb8 12. Bf4 Ra8 13. Rxb7 Qa5 14. Qb3
Be7 15. e4 Nb6 16. c5 Nbd7 17. Qc4 Qd8 18. Rfb1 O-O 19. Bc7 Qc8 20. Qa4 Bxc5
21. dxc5 Nxc5 22. Qxc6 Nxb7 23. Rxb7 Rd8 24. Ne5 Rd2 25. Nb5 Rxa2 26. Nd6 Qf8
27. Rb3 a5 28. Rf3 Ra7 29. Nexf7 Qe7 30. Bb6 Ra6 31. Qc8+ Ne8 32. Nxe8 1-0

[Event "16.Open Seefeld"]
[Site "Oesterreich / Seefeld"]
[Date "2005.09.19"]
[Round "3"]
[White "Di Lazzaro, Gabriele"]
[Black "Schoetzig, Detlef"]
[Result "1/2-1/2"]
[WhiteElo "2025"]
[BlackElo "2124"]
[PlyCount "189"]
[EventDate "2005.09.17"]

1. e4 Nf6 2. e5 Nd5 3. d4 d6 4. Bc4 Nb6 5. Bb3 Nc6 6. exd6 Qxd6 7. c3 Qg6 8.
Qf3 Bf5 9. Na3 e5 10. Ne2 Bxa3 11. bxa3 exd4 12. cxd4 O-O 13. Be3 Rad8 14. Nf4
Qg4 15. Qxg4 Bxg4 16. f3 Bf5 17. O-O-O Na5 18. Rhe1 Nac4 19. a4 Bd7 20. d5 Nxe3
21. Rxe3 Nxa4 22. Re7 Nc5 23. Bc4 b5 24. Bf1 Rfe8 25. Rxe8+ Rxe8 26. Kb2 Na4+
27. Kb3 a5 28. Rc1 Re3+ 29. Nd3 Bf5 30. Rxc7 h6 31. Kc2 Nb6 32. d6 Re8 33. g4
Bg6 34. Kc1 Rd8 35. Nc5 Rxd6 36. Bxb5 Nd5 37. Rc8+ Kh7 38. Rc6 Rxc6 39. Bxc6
Nb4 40. Ba4 Nxa2+ 41. Kb2 Nb4 42. Kb3 Nd3 43. Nb7 Ne5 44. Nxa5 Nxf3 45. h3 Ng5
46. h4 Nf3 47. h5 Be4 48. Kc3 Nh2 49. Bd1 Bf3 50. Bxf3 Nxf3 51. Nc4 g6 52. Kd3
Kg7 53. Ke3 Ng5 54. hxg6 fxg6 55. Kf4 Kf6 56. Kg3 Ne6 57. Kh4 Nd4 58. Nd6 Nf3+
59. Kg3 Ng5 60. Nc4 Ke6 61. Kf4 Kd5 62. Nb6+ Kd4 63. Nc8 Ne6+ 64. Kf3 Ke5 65.
Ne7 Kf6 66. Ng8+ Kg5 67. Ne7 Nf8 68. Kg3 Kf6 69. Ng8+ Kg7 70. Ne7 Kf7 71. Nd5
Ke6 72. Nc7+ Ke5 73. Ne8 Ne6 74. Kf3 Ng5+ 75. Kg3 Ne4+ 76. Kf3 Nf6 77. Nc7 Nd5
78. Nb5 Kf6 79. Nd6 Ne7 80. Kg3 Nc6 81. Kf4 Ke6 82. Ne4 Ne7 83. Nc5+ Kd6 84.
Ne4+ Kd5 85. Nf6+ Ke6 86. Ne4 Nd5+ 87. Kg3 Ke5 88. Nc5 Nc3 89. Nd7+ Ke6 90.
Nf8+ Kf6 91. Nd7+ Kg5 92. Nf8 Ne4+ 93. Kf3 Nf6 94. Kg3 Nxg4 95. Nxg6 1/2-1/2

[Event "16.Open Seefeld"]
[Site "Oesterreich / Seefeld"]
[Date "2005.09.19"]
[Round "3"]
[White "Gruber, Michael"]
[Black "Russ, Colin"]
[Result "1-0"]
[WhiteElo "2122"]
[BlackElo "1964"]
[PlyCount "89"]
[EventDate "2005.09.17"]

1. e4 c6 2. d4 d5 3. e5 Bf5 4. Nf3 e6 5. Be2 Nd7 6. O-O c5 7. c4 Bxb1 8. Rxb1
dxc4 9. Bxc4 cxd4 10. Qxd4 Ne7 11. Bg5 Nc6 12. Qe4 Be7 13. Bxe7 Qxe7 14. Bb5
O-O 15. Bxc6 bxc6 16. Qxc6 Rfc8 17. Qe4 Rab8 18. b3 Nb6 19. Rbc1 Nd5 20. Rc4
Rxc4 21. Qxc4 Nb6 22. Qe4 g6 23. h4 Qa3 24. Qf4 Nd5 25. Qh6 Qf8 26. Qxf8+ Kxf8
27. Rc1 Rb7 28. Rc4 Rc7 29. Rxc7 Nxc7 30. Nd4 Ke8 31. Kf1 Kd7 32. Ke1 Nd5 33.
Kd2 f6 34. exf6 Nxf6 35. Nb5 a6 36. Nc3 Kd6 37. Kd3 Ng4 38. Ne4+ Kd5 39. f3
Ne5+ 40. Kc3 h6 41. Nf6+ Kc5 42. Ng8 h5 43. Nf6 a5 44. Ne4+ Kb5 45. Ng5 1-0

[Event "16.Open Seefeld"]
[Site "Oesterreich / Seefeld"]
[Date "2005.09.19"]
[Round "3"]
[White "Kreie, Guenter"]
[Black "Schmidt, Juergen"]
[Result "0-1"]
[WhiteElo "1968"]
[BlackElo "2122"]
[PlyCount "64"]
[EventDate "2005.09.17"]

1. e4 e5 2. Nf3 Nc6 3. Bb5 a6 4. Ba4 Nf6 5. O-O b5 6. Bb3 Be7 7. a4 Rb8 8. axb5
axb5 9. Qe2 O-O 10. Nc3 b4 11. Nd5 Nxd5 12. exd5 Nd4 13. Nxd4 exd4 14. Qc4 c5
15. c3 Bf6 16. Bc2 d6 17. cxb4 Rxb4 18. Qd3 g6 19. Qf3 d3 20. Bxd3 Bg4 21. Qg3
Bh4 22. Ra8 Qxa8 23. Qxh4 Be2 24. Qxb4 cxb4 25. Bxe2 Qxd5 26. Bf3 Qd3 27. Re1
Rc8 28. h3 b3 29. Kh2 Qc2 30. Bd5 Rc5 31. Be4 Qxc1 32. Rxc1 Rxc1 0-1

[Event "16.Open Seefeld"]
[Site "Oesterreich / Seefeld"]
[Date "2005.09.19"]
[Round "3"]
[White "Riedl, Johannes"]
[Black "Ranker, Klemens"]
[Result "1-0"]
[WhiteElo "2118"]
[BlackElo "1955"]
[PlyCount "115"]
[EventDate "2005.09.17"]

1. d4 Nf6 2. Nf3 g6 3. g3 Bg7 4. Bg2 O-O 5. O-O d5 6. Nbd2 Bf5 7. c3 Nc6 8. Nh4
Bg4 9. h3 Be6 10. Kh2 Rb8 11. a4 a5 12. Nb3 b6 13. Be3 Qd7 14. Nd2 Rbd8 15. Qc2
Kh8 16. Rad1 Nh5 17. f4 f5 18. Nhf3 Nf6 19. Ne5 Nxe5 20. fxe5 Ne4 21. Nf3 h6
22. Nh4 Kh7 23. Bxe4 fxe4 24. g4 Rxf1 25. Rxf1 Rf8 26. Rxf8 Bxf8 27. Ng2 g5 28.
Bf2 Bf7 29. Ne3 Bg6 30. Qb3 e6 31. c4 dxc4 32. Qxc4 Bf7 33. Nd1 Bg6 34. Nc3 c6
35. Qa6 Qc7 36. e3 Bb4 37. Ne2 Bd2 38. Ng3 Qf7 39. Qe2 Bb4 40. Be1 Bxe1 41.
Qxe1 Qf3 42. Nf1 Qf8 43. Kg1 Kg7 44. Qf2 Qd8 45. Nd2 b5 46. Nb3 bxa4 47. Nc5
Qe7 48. Nxa4 Qf7 49. Qxf7+ Kxf7 50. Nc5 Ke7 51. Nb3 Be8 52. Nxa5 Kd7 53. Nb3
Bg6 54. Kf2 Ke7 55. Kg3 Bh7 56. h4 Bg6 57. Nc5 Bh7 58. h5 1-0

[Event "16.Open Seefeld"]
[Site "Oesterreich / Seefeld"]
[Date "2005.09.19"]
[Round "3"]
[White "Oettinger, Hagen"]
[Black "Auschkalnis, Reinhard"]
[Result "1-0"]
[WhiteElo "2100"]
[BlackElo "1924"]
[PlyCount "83"]
[EventDate "2005.09.17"]

1. d4 f5 2. e4 fxe4 3. Nc3 Nf6 4. g4 d5 5. g5 Bg4 6. Be2 Bxe2 7. Qxe2 Ng8 8.
Qb5+ Qd7 9. Qxb7 Qc6 10. Qc8+ Kf7 11. Qf5+ Ke8 12. Qxd5 Qxd5 13. Nxd5 Na6 14.
Bf4 Rd8 15. Nxc7+ Nxc7 16. Bxc7 Rxd4 17. c3 Rd7 18. Bf4 e6 19. Ne2 Bc5 20. O-O
Ne7 21. Ng3 Ng6 22. Nxe4 Nxf4 23. Nxc5 Rd5 24. Ne4 Nh3+ 25. Kh1 Rf8 26. Rae1
Ke7 27. Re3 Nxg5 28. Nxg5 Rxg5 29. Rg1 Rxg1+ 30. Kxg1 Rf5 31. Kf1 g6 32. Ke2
Rh5 33. h3 Rd5 34. b4 h6 35. a4 a6 36. c4 Rd4 37. Rc3 g5 38. b5 axb5 39. axb5
h5 40. b6 Rd8 41. c5 Rb8 42. c6 1-0

[Event "16.Open Seefeld"]
[Site "Oesterreich / Seefeld"]
[Date "2005.09.19"]
[Round "3"]
[White "Strasser, Josef (D)"]
[Black "Kircher, Werner"]
[Result "1-0"]
[WhiteElo "1940"]
[BlackElo "2092"]
[PlyCount "71"]
[EventDate "2005.09.17"]

1. e4 e6 2. d4 d5 3. exd5 exd5 4. c4 c6 5. Nc3 Nf6 6. cxd5 cxd5 7. Nf3 Be7 8.
Bd3 O-O 9. O-O Nc6 10. Re1 Bg4 11. Be3 Qd7 12. Rc1 Bf5 13. Ne5 Nxe5 14. dxe5
Ng4 15. Bxf5 Qxf5 16. Nxd5 Bg5 17. f4 Bd8 18. Bc5 Re8 19. Ne3 Nxe3 20. Bxe3 Ba5
21. Rf1 h5 22. a3 Re6 23. Qc2 Qg4 24. h3 Qg3 25. Qf2 Qxf2+ 26. Kxf2 g6 27. Rfd1
Bb6 28. Rd7 Bxe3+ 29. Kxe3 Rb6 30. Rcc7 Rxb2 31. Rxf7 Rxg2 32. Rg7+ Kh8 33.
Rh7+ Kg8 34. Rcg7+ Kf8 35. e6 Re8 36. e7+ 1-0

[Event "16.Open Seefeld"]
[Site "Oesterreich / Seefeld"]
[Date "2005.09.19"]
[Round "3"]
[White "Strasser, Josef (A)"]
[Black "Verhoef, Helge"]
[Result "1/2-1/2"]
[WhiteElo "1917"]
[BlackElo "2086"]
[PlyCount "84"]
[EventDate "2005.09.17"]

1. d4 Nf6 2. c4 c5 3. d5 b5 4. cxb5 a6 5. Qc2 Nxd5 6. Qxc5 e6 7. Qc2 axb5 8.
Nf3 Nc6 9. e3 Ndb4 10. Qb3 Ba6 11. Nc3 Qb6 12. Be2 Na5 13. Qd1 Nbc6 14. O-O d5
15. Bd2 Nc4 16. Bc1 Be7 17. b3 Nd6 18. Bb2 O-O 19. Rc1 Rfc8 20. Qd2 Qd8 21. Rc2
Bf6 22. Rd1 Qe7 23. Nxd5 exd5 24. Qxd5 Bxb2 25. Qxd6 Qf6 26. Qd5 Nb4 27. Rxc8+
Rxc8 28. Qd7 Kf8 29. Bxb5 Qe7 30. Qf5 Bxb5 31. Qxc8+ Be8 32. a4 Bf6 33. a5 Qa7
34. Qf5 h6 35. g4 Nc6 36. b4 Nxb4 37. g5 hxg5 38. Nxg5 Bxg5 39. Qxg5 Nc6 40.
Qh5 Qxa5 41. Qh8+ Ke7 42. Qxg7 Qh5 1/2-1/2

[Event "16.Open Seefeld"]
[Site "Oesterreich / Seefeld"]
[Date "2005.09.19"]
[Round "3"]
[White "Hoffmann, Bernhard"]
[Black "Hofer, Franz"]
[Result "1-0"]
[WhiteElo "1950"]
[BlackElo "2079"]
[PlyCount "95"]
[EventDate "2005.09.17"]

1. e4 d6 2. d4 Nf6 3. Nc3 c6 4. Bg5 Qa5 5. Qd2 Nbd7 6. f4 e6 7. Bd3 Be7 8. Nf3
Ng8 9. O-O h6 10. Bxe7 Nxe7 11. Nb5 Qxd2 12. Nxd6+ Kf8 13. Nxd2 Nf6 14. c4 Ne8
15. c5 Nxd6 16. cxd6 Ng8 17. e5 h5 18. b4 Bd7 19. a4 Nh6 20. Ne4 b6 21. a5 b5
22. Nc5 Ke8 23. Na6 Rc8 24. h3 Nf5 25. Bxf5 exf5 26. Rac1 Kd8 27. d5 cxd5 28.
Rxc8+ Bxc8 29. Nc7 Bb7 30. Nxb5 Ba6 31. Rc1 Bxb5 32. Rc7 a6 33. Rxf7 d4 34. Kf2
g6 35. Rg7 Re8 36. Rxg6 Kd7 37. g4 hxg4 38. hxg4 fxg4 39. Rxg4 Rc8 40. f5 Rc2+
41. Kg3 d3 42. Rg7+ Kc8 43. f6 Bc4 44. Rc7+ Kb8 45. Rxc4 Rxc4 46. d7 Kc7 47. f7
d2 48. d8=Q+ 1-0

[Event "16.Open Seefeld"]
[Site "Oesterreich / Seefeld"]
[Date "2005.09.19"]
[Round "3"]
[White "Allgaier, Erik"]
[Black "Perkmann, Gottfried"]
[Result "1-0"]
[WhiteElo "2078"]
[BlackElo "1690"]
[PlyCount "71"]
[EventDate "2005.09.17"]

1. d4 Nf6 2. Nf3 c6 3. e3 d5 4. Bd3 Bg4 5. h3 Bh5 6. Nbd2 Nbd7 7. c3 e6 8. O-O
Be7 9. Re1 O-O 10. Qb3 Qc7 11. Ne5 Nxe5 12. dxe5 Nd7 13. Qc2 f5 14. f4 Bh4 15.
Rf1 Rac8 16. g4 Bg6 17. Nf3 Be7 18. Nd4 Nc5 19. gxf5 exf5 20. b4 Ne4 21. Ne6
Qd7 22. Nxf8 Bxf8 23. Kh2 Qd8 24. Bd2 c5 25. b5 Qh4 26. Be1 Qh6 27. Rd1 Bf7 28.
Qg2 Be7 29. Bxe4 fxe4 30. Rg1 Rd8 31. c4 dxc4 32. Rxd8+ Bxd8 33. Qxe4 Be6 34.
f5 Bxf5 35. Qxf5 Qxe3 36. Qe6+ 1-0

[Event "16.Open Seefeld"]
[Site "Oesterreich / Seefeld"]
[Date "2005.09.19"]
[Round "3"]
[White "Schwammberger, Eugen"]
[Black "Becking, Franz-Josef"]
[Result "1/2-1/2"]
[WhiteElo "1950"]
[BlackElo "2076"]
[PlyCount "75"]
[EventDate "2005.09.17"]

1. Nf3 Nf6 2. g3 Nc6 3. d4 d5 4. Bg2 Bg4 5. Nbd2 e6 6. O-O Be7 7. c4 O-O 8. Ne5
Nxd4 9. Nxg4 Nxg4 10. e3 Nxf2 11. Rxf2 Nf5 12. Nf1 dxc4 13. Rd2 Qc8 14. Qe2 Nd6
15. Rc2 Rb8 16. Bd2 Bf6 17. Bc3 Bxc3 18. Rxc3 b5 19. Nd2 c5 20. Ne4 Qc7 21. Rd1
Nxe4 22. Bxe4 Rfd8 23. Rcc1 Rxd1+ 24. Rxd1 Rd8 25. Kf2 g6 26. Rd2 Qa5 27. Rxd8+
Qxd8 28. Qc2 f5 29. Bc6 a6 30. Ke1 Qd6 31. Bg2 Kf7 32. Qd2 Ke7 33. Bb7 Qb6 34.
Bf3 Qd6 35. Bb7 Qc7 36. Qg2 Qa5+ 37. Qd2 Qc7 38. Bg2 1/2-1/2

[Event "16.Open Seefeld"]
[Site "Oesterreich / Seefeld"]
[Date "2005.09.19"]
[Round "3"]
[White "Christiansmeier, Sven"]
[Black "Waldhart, Helmuth"]
[Result "1-0"]
[WhiteElo "2044"]
[BlackElo "1650"]
[PlyCount "45"]
[EventDate "2005.09.17"]

1. d4 e5 2. dxe5 Nc6 3. Nf3 Qe7 4. g3 Nxe5 5. Bg2 d6 6. O-O g6 7. Nc3 c6 8.
Nxe5 Qxe5 9. Bf4 Qe7 10. e4 Be6 11. Re1 O-O-O 12. Qd4 g5 13. Be3 Bh6 14. Qxa7
Nf6 15. Na4 Kd7 16. Qxb7+ Ke8 17. Qxe7+ Kxe7 18. Nc3 Nd7 19. Ne2 f6 20. Nd4 Nb8
21. Red1 Rhe8 22. Nxe6 Kxe6 23. Bb6 1-0

[Event "16.Open Seefeld"]
[Site "Oesterreich / Seefeld"]
[Date "2005.09.19"]
[Round "3"]
[White "Plock, Christian"]
[Black "Willin, Bernhard"]
[Result "1-0"]
[WhiteElo "1650"]
[BlackElo "2042"]
[PlyCount "105"]
[EventDate "2005.09.17"]

1. e4 c5 2. Nf3 a6 3. d4 cxd4 4. Nxd4 d6 5. c3 Nf6 6. f3 Qc7 7. Be3 Bd7 8. Nd2
e6 9. Bc4 Nc6 10. Nxc6 Bxc6 11. Qe2 d5 12. exd5 Bxd5 13. Bd4 Rd8 14. Bxf6 gxf6
15. Bxd5 Rxd5 16. Ne4 Ke7 17. Rd1 Rxd1+ 18. Kxd1 f5 19. Ng3 h5 20. Nxf5+ Kf6
21. Ng3 Bh6 22. Ne4+ Ke7 23. Kc2 Rd8 24. Rd1 h4 25. Rxd8 Qxd8 26. Qf2 Kf8 27.
Qd4 Qxd4 28. cxd4 b6 29. Kd3 Ke7 30. g3 hxg3 31. hxg3 f5 32. Nc3 Kd6 33. a4 Bc1
34. b3 Bh6 35. g4 fxg4 36. fxg4 Bg7 37. Kc4 Kd7 38. Ne4 Kc6 39. Nc3 Kd6 40. g5
Bf8 41. b4 Ke7 42. Ne4 Kf7 43. b5 a5 44. d5 e5 45. Nf6 Bd6 46. Kd3 Kg6 47. Ne4
Bf8 48. d6 Kf5 49. d7 Be7 50. Kc4 Ke6 51. g6 Bh4 52. Nd6 Bg5 53. g7 1-0

[Event "16.Open Seefeld"]
[Site "Oesterreich / Seefeld"]
[Date "2005.09.19"]
[Round "3"]
[White "Kesik, Marco"]
[Black "Kreusch, Frank"]
[Result "1-0"]
[WhiteElo "1609"]
[BlackElo "2037"]
[PlyCount "59"]
[EventDate "2005.09.17"]

1. d4 Nf6 2. c4 g6 3. Nc3 d5 4. cxd5 Nxd5 5. e4 Nxc3 6. bxc3 Bg7 7. Nf3 O-O 8.
Be2 c5 9. e5 Nc6 10. O-O Qc7 11. Be3 Rd8 12. Qc1 Bf5 13. Rd1 Rac8 14. Bf4 cxd4
15. cxd4 Qb6 16. Qe3 Nb4 17. Ne1 Nd5 18. Qf3 Nc3 19. Rd2 Nxe2+ 20. Qxe2 Rxd4
21. Be3 Rxd2 22. Qxd2 Qa6 23. Rc1 b6 24. Rd1 Bxe5 25. Bh6 Bd6 26. Qd4 f6 27.
Qd5+ Kh8 28. Qf7 Rg8 29. Rxd6 Qe2 30. Bg7+ 1-0

[Event "16.Open Seefeld"]
[Site "Oesterreich / Seefeld"]
[Date "2005.09.19"]
[Round "3"]
[White "Creutzburg, Frank"]
[Black "Aigner, Georg"]
[Result "1/2-1/2"]
[WhiteElo "1574"]
[BlackElo "2033"]
[PlyCount "81"]
[EventDate "2005.09.17"]

1. c4 e5 2. Nc3 Nf6 3. e4 Nc6 4. Nf3 d6 5. Be2 Ne7 6. O-O Ng6 7. d4 Be7 8. dxe5
Nxe5 9. Nxe5 dxe5 10. Qxd8+ Bxd8 11. Bg5 Be6 12. Rfd1 O-O 13. Nb5 Nxe4 14. Bxd8
Rfxd8 15. Nxc7 Rac8 16. Nxe6 fxe6 17. Rac1 b6 18. f3 Nf6 19. Kf2 Kf7 20. Ke3
Ne8 21. Rxd8 Rxd8 22. Rd1 Nd6 23. b3 Kf6 24. g4 Kg5 25. Rd2 Kf6 26. b4 Ke7 27.
c5 bxc5 28. bxc5 Nb7 29. Rxd8 Kxd8 30. c6 Nd6 31. a4 Kc7 32. Bb5 Nf7 33. h4 a5
34. Ke4 Kd6 35. Kd3 Nd8 36. Ke4 Nxc6 37. Bxc6 Kxc6 38. Kxe5 Kc5 39. Kxe6 Kb4
40. Kd5 Kxa4 41. Kc4 1/2-1/2